000 00310 a2200085 4500
999 _c19958
_d19958
003 WA 310
005 20220315135558.0
008 220315s1996 pl ||||| |||| 00| 0 pol d
040 _aWA 310
_cWA 310
041 _apol
245 0 0 _aTechnika informatyczna - Techniki zabezpieczeń - Funkcje skrótu - Postanowienia ogólne =
_bInformation technology - Security techniques - Hash-functions - Part 1: General PN-ISO/IEC 10118-1:1996P /
_cNKP nr 182.
246 1 3 _aPN-ISO/IEC 10118-1
246 1 3 _aICS 35.030
246 1 3 _aPolska Norma
260 _aWarszawa :
_bPKN,
_c1996.
300 _a9 stron ;
_c30 cm.
336 _2rdacontent
_aTekst
_btxt
337 _2rdamedia
_aBez urządzenia pośredniczącego
_bn
338 _2rdacarrier
_aWolumin
_bnc
500 _aWprowadza ISO/IEC 10118-1:1994, IDT ; Ustanowiona przez Polski Komitet Normalizacyjny dnia 5 lutego 1996 r.
504 _aBibliografia na stronie 9.
590 _6Status: wycofana.
710 _91107
_aPolska.
_bPolski Komitet Normalizacyjny.
_eInstytucja sprawcza
942 _2ddc
_cBK